| 000 -LEADER |
| fixed length control field |
00425cam a22001217a 4500 |
| 008 - FIXED-LENGTH DATA ELEMENTS--GENERAL INFORMATION |
| fixed length control field |
180718b1984 xxu||||| |||| 00| 0 eng d |
| 082 ## - DEWEY DECIMAL CLASSIFICATION NUMBER |
| Classification number |
R1 MHR/8/84 |
| 100 ## - MAIN ENTRY--PERSONAL NAME |
| Personal name |
Singh, Jaideep |
| 245 ## - TITLE STATEMENT |
| Title |
Eighth course on new dimensions in the management of human resources (February 13-18, 1984) |
| 260 ## - PUBLICATION, DISTRIBUTION, ETC. |
| Place of publication, distribution, etc. |
New Delhi |
| Name of publisher, distributor, etc. |
Indian Institute of Public Administration |
| Date of publication, distribution, etc. |
1984 |
| 300 ## - PHYSICAL DESCRIPTION |
| Extent |
v.p. |
| 700 ## - ADDED ENTRY--PERSONAL NAME |
| Personal name |
Management Development Programme- II |